Psychiatric mental health nursing / (رقم التسجيلة. 26461)
[ عرض عادي ]
| 000 -الفاتح | |
|---|---|
| حقل البيانات ثابتة الطول | 01540cam a22003857a 4500 |
| 001 - رقم الضبط | |
| رقم الضبط | 15666726 |
| 003 - محدد رقم الضبط | |
| رقم الضبط | OSt |
| 005 - وقت وتاريخ اخر تعامل مع التسجيلة | |
| رقم الضبط | 20150408114104.0 |
| 008 - عناصر البيانات ثابتة الطول - معلومات عامة | |
| حقل البيانات ثابتة الطول | 090319s2011 nyua b 001 0 eng d |
| 010 ## - رقم ضبط مكتبة الكونجرس | |
| رقم ضبط مكتبة الكونجرس | 2009925005 |
| 020 ## - الرقم الدولى المعيارى للكتب | |
| الرقم الدولى المعيارى للكتاب | 9781435400771 |
| 020 ## - الرقم الدولى المعيارى للكتب | |
| الرقم الدولى المعيارى للكتاب | 1435400771 |
| 035 ## - رقم ضبط النظام | |
| رقم ضبط النظام | (OCoLC)ocn430053461 |
| 040 ## - مصدر الفهرسة | |
| وكالة الفهرسة الأصلية | BTCTA |
| وكالة النسخ | BTCTA |
| وكالة التعديل | OCL |
| -- | TMY |
| -- | YDXCP |
| -- | WS$ |
| -- | BWX |
| -- | IHI |
| -- | CUX |
| -- | DLC |
| 042 ## - رمز التحقق | |
| رمز التحقق | lccopycat |
| 050 00 - رقم طلب مكتبة الكونجرس | |
| رقم التصنيف | RC440 |
| رقم المادة | .F75 2011 |
| 082 04 - رقم تصنيف ديوى العشرى | |
| رقم التصنيف | 616.89 |
| رقم المادة | FNP |
| 100 1# - المدخل الرئيسى - إسم شخصى | |
| الإسم الشخصى | Frisch, Noreen Cavan. |
| 9 (RLIN) | 18411 |
| 245 10 - بيان العنوان | |
| العنوان | Psychiatric mental health nursing / |
| بيان المسئوليه,etc | Noreen Cavan Frisch, Lawrence E. Frisch. |
| 250 ## - بيان الطبعة | |
| بيان الطبعة | 4th ed. |
| 260 ## - PUBLICATION, DISTRIBUTION, ETC. (IMPRINT) | |
| مكان الناشر او الموزع | Clifton Park, NY : |
| اسم الناشر او الموزع | Delmar, Cengage Learning, |
| تاريخ النشر أو التوزيع | c2011. |
| 300 ## - الوصف المادى | |
| التعداد | xlii, 997 p. : |
| تفاصيل ماديه اخرى للوعاء | ill. (chiefly col.) ; |
| أبعاد الوعاء | 29 cm. + |
| المادة المصاحبة | 1 CD-ROM (4 3/4 in.) |
| 504 ## - تبصرة ببليوجرافية | |
| تبصرة ببليوجرافية,الخ | Includes bibliographical references and index. |
| 650 #0 - المدخل الاضافى بالموضوع-مصطلح موضوعى | |
| مصطلح موضوعي أو اسم جغرافي كعنصر مدخل | Psychiatric nursing. |
| 650 12 - المدخل الاضافى بالموضوع-مصطلح موضوعى | |
| مصطلح موضوعي أو اسم جغرافي كعنصر مدخل | Psychiatric Nursing. |
| 650 22 - المدخل الاضافى بالموضوع-مصطلح موضوعى | |
| مصطلح موضوعي أو اسم جغرافي كعنصر مدخل | Mental Disorders |
| التقسيم الفرعي العام | nursing. |
| 9 (RLIN) | 5359 |
| 650 22 - المدخل الاضافى بالموضوع-مصطلح موضوعى | |
| مصطلح موضوعي أو اسم جغرافي كعنصر مدخل | Nurse-Patient Relations. |
| 9 (RLIN) | 10127 |
| 700 1# - المدخل الاضافى - اسم شخصى | |
| الإسم الشخصى | Frisch, Lawrence E. |
| 9 (RLIN) | 18412 |
| 856 42 - الوصول و الموقع الالكترونى | |
| مواد محددة | Contributor biographical information |
| معرف المصدر الموحد | <a href="http://www.loc.gov/catdir/enhancements/fy1303/2009925005-b.html">http://www.loc.gov/catdir/enhancements/fy1303/2009925005-b.html</a> |
| 856 42 - الوصول و الموقع الالكترونى | |
| مواد محددة | Publisher description |
| معرف المصدر الموحد | <a href="http://www.loc.gov/catdir/enhancements/fy1303/2009925005-d.html">http://www.loc.gov/catdir/enhancements/fy1303/2009925005-d.html</a> |
| 856 41 - الوصول و الموقع الالكترونى | |
| مواد محددة | Table of contents only |
| معرف المصدر الموحد | <a href="http://www.loc.gov/catdir/enhancements/fy1303/2009925005-t.html">http://www.loc.gov/catdir/enhancements/fy1303/2009925005-t.html</a> |
| 906 ## - عنصر بيانات محلى F, LDF (RLIN) | |
| a | 7 |
| b | cbc |
| c | copycat |
| d | 3 |
| e | ncip |
| f | 20 |
| g | y-gencatlg |
| 942 ## - عناصر المدخل الإضافي( كوها) | |
| مصدر التصنيف او مخطط الترفيف | Dewey Decimal Classification |
| Koha [default] item type | DVD |
| حالة الفقد | نموذج السعر الفعال | حالة تلف | ليس للاعارة | رقم الطلب | تاريخ الاكتساب | الموقع الحالي | الباركود | الفرع الرئيسي | Date last seen | نوع المادة فى نظام كوها | مصدر التصنيف او خطة الترفيف | Total Checkouts | Date last checked out |
|---|---|---|---|---|---|---|---|---|---|---|---|---|---|
| 2013-03-10 | 616.89 FNP | 2012-12-24 | المكتبة المركزية بالمجمعة (CL) | 00400956 | المكتبة المركزية بالمجمعة (CL) | 2013-03-10 | كتاب | Dewey Decimal Classification | |||||
| 2013-03-10 | 616.89 FNP | 2012-12-24 | المكتبة المركزية بالمجمعة (CL) | 00401096 | المكتبة المركزية بالمجمعة (CL) | 2013-03-10 | كتاب | Dewey Decimal Classification | 1 | 2013-01-08 | |||
| 2013-03-10 | 616.89 FNP | 2013-01-05 | المكتبة المركزية بالمجمعة (CL) | 00401500 | المكتبة المركزية بالمجمعة (CL) | 2013-03-10 | كتاب | Dewey Decimal Classification |
